[Event "Ivrea op 14th"]
[Site "Ivrea"]
[Date "2008.03.15"]
[Round "3"]
[White "Bisi, Samuele"]
[Black "Bellafiore, Enzo"]
[Result "1-0"]
[WhiteElo "1530"]
[BlackElo "1631"]
[PlyCount "55"]
[EventDate "2008.03.14"]
[EventType "swiss"]
[EventRounds "5"]
[EventCountry "ITA"]
[SourceTitle "EXT 2011"]
[Source "ChessBase"]
[SourceDate "2010.11.26"]
[SourceVersion "1"]
[SourceVersionDate "2010.11.26"]
[SourceQuality "1"]

1. d4 d5 2. c4 c6 3. cxd5 cxd5 4. Nc3 Nf6 5. Bg5 e6 6. e3 Be7 7. Bd3 0-0 8. Nf3 b6 9. 0-0 Bb7 10. Rc1 a6 11. Qc2 Nbd7 12. Ne5 h6 13. Bh4 Rc8 14. Qd2 Ne4 15. Nxe4 dxe4 16. Rxc8 Bxc8 17. Bxe7 Qxe7 18. Nxd7 Qxd7 19. Bxe4 Bb7 20. Bxb7 Qxb7 21. f3 Rd8 22. Rd1 f5 23. Qc3 Rc8 24. Qb3 Qd5 25. Qxb6 Qxa2 26. d5 Rc2 27. d6 Rxb2 28. Qxb2 1-0

[Event "Ivrea Eporediese op 24th"]
[Site "Ivrea"]
[Date "2007.02.01"]
[Round "3"]
[White "Bellafiore, Enzo"]
[Black "Crosa, Federico"]
[Result "1-0"]
[WhiteElo "1661"]
[BlackElo "1320"]
[PlyCount "51"]
[EventDate "2007.01.18"]
[EventType "swiss"]
[EventRounds "9"]
[EventCountry "ITA"]
[SourceTitle "EXT 2010"]
[Source "ChessBase"]
[SourceDate "2010.11.25"]
[SourceVersion "1"]
[SourceVersionDate "2010.11.25"]
[SourceQuality "1"]

1. Nf3 c5 2. c4 Nc6 3. Nc3 Nf6 4. d4 cxd4 5. Nxd4 g6 6. g3 Bg7 7. Bg2 0-0 8. 0-0 Nxd4 9. Qxd4 d6 10. e4 Qa5 11. Bd2 Qh5 12. Qd3 Bh3 13. Nd5 Bxg2 14. Nxe7+ Kh8 15. Kxg2 Rfe8 16. Nd5 Nxe4 17. Nc7 Ng5 18. Bxg5 Qxg5 19. Nxa8 Rxa8 20. Rad1 Rd8 21. b4 Bf6 22. f4 Qg4 23. Qd5 Qe2+ 24. Rf2 Qe7 25. a4 Rd7 26. c5 1-0